[Event "AUT Bundesliga 2021-22"]
[Site "Graz"]
[Date "2022.03.24"]
[Round "5.34"]
[White "Deglmann, Ludwig"]
[Black "Walter, Stefan"]
[Result "0-1"]
[WhiteElo "2248"]
[BlackElo "2380"]
[Annotator "ChessBase"]
[PlyCount "108"]
[EventDate "2021.11.04"]
[EventType "team-tourn"]
[EventCountry "AUT"]
[SourceTitle "playchess.com"]
[Source "ChessBase"]
[SourceQuality "1"]
[TimeControl "40/5400+30:1800+30"]

1. d4 {[%emt 0:00:09]} d5 {[%emt 0:00:20]} 2. c4 {[%emt 0:00:21]} e6 {[%emt 0:00:13]} 3. Nc3 {[%emt 0:01:09]} Be7 {[%emt 0:00:30]} 4. cxd5 {[%emt 0:03:53]} exd5 {[%emt 0:00:08]} 5. Bf4 {[%emt 0:00:06]} c6 {[%emt 0:00:54]} 6. e3 {[%emt 0:01:20]} Bd6 {[%emt 0:00:38]} 7. Nge2 {[%emt 0:01:36]} Ne7 {[%emt 0:11:05]} 8. Bxd6 {[%emt 0:09:48]} Qxd6 {[%emt 0:00:05]} 9. Ng3 {[%emt 0:00:12]} Nd7 {[%emt 0:24:21]} 10. Bd3 {[%emt 0:04:52]} Nf6 {[%emt 0:02:34]} 11. Qd2 {[%emt 0:13:45]} h5 {[%emt 0:02:55]} 12. h4 {[%emt 0:08:16]} Bg4 {[%emt 0:04:16]} 13. Nce2 {[%emt 0:08:59]} Bxe2 {[%emt 0:00:52]} 14. Qxe2 {[%emt 0:10:03]} O-O-O {[%emt 0:03:16]} 15. O-O-O {[%emt 0:02:28]} Kb8 {[%emt 0:01:13]} 16. Kb1 {[%emt 0:00:53]} g6 {[%emt 0:05:19]} 17. Qc2 {[%emt 0:12:44]} Ng4 {[%emt 0:04:38]} 18. Nf1 {[%emt 0:07:21]} Rhe8 {[%emt 0:02:58]} 19. f3 {[%emt 0:02:40]} Nh6 {[%emt 0:01:16]} 20. Qf2 {[%emt 0:04:06]} Nef5 {[%emt 0:06:07]} 21. Bxf5 {[%emt 0:00:36]} Nxf5 {[%emt 0:00:37]} 22. g4 {[%emt 0:00:48]} Ng7 {[%emt 0:01:31]} 23. Ng3 {[%emt 0:02:55]} Qe6 {[%emt 0:03:52]} 24. gxh5 {[%emt 0:01:52]} Qxe3 {[%emt 0:04:52]} 25. Qh2 {[%emt 0:00:06]} Ka8 {[%emt 0:01:39]} 26. hxg6 {[%emt 0:00:35]} fxg6 {[%emt 0:00:13]} 27. h5 {[%emt 0:00:43]} gxh5 {[%emt 0:01:04]} 28. Nxh5 {[%emt 0:00:16]} Rh8 {[%emt 0:10:55]} 29. Qc7 {[%emt 0:00:31]} Nxh5 {[%emt 0:01:33]} 30. Rxh5 {[%emt 0:00:08]} Qxf3 {[%emt 0:00:18]} 31. Rhh1 {[%emt 0:00:36]} Qxh1 {[%emt 0:03:09]} 32. Qxd8+ {[%emt 0:00:09]} Rxd8 {[%emt 0:00:05]} 33. Rxh1 {[%emt 0:00:04]} Rg8 {[%emt 0:01:13]} 34. Kc2 {[%emt 0:00:18]} Kb8 {[%emt 0:00:15]} 35. Rh7 {[%emt 0:00:09]} Rg3 {[%emt 0:00:33]} 36. a4 {[%emt 0:01:15]} Kc8 {[%emt 0:01:19]} 37. Rf7 {[%emt 0:00:24]} a5 {[%emt 0:00:51]} 38. Rh7 {[%emt 0:00:36]} Rf3 {[%emt 0:00:07]} 39. Rg7 {[%emt 0:00:13]} Rf1 {[%emt 0:00:40]} 40. Rh7 {[%emt 0:00:00]} Ra1 {[%emt 0:00:00]} 41. b3 {[%emt 0:06:40]} Rg1 {[%emt 0:02:23]} 42. Rf7 {[%emt 0:06:50]} Rg6 {[%emt 0:02:56]} 43. Rh7 {[%emt 0:01:03]} Rd6 {[%emt 0:00:11]} 44. Kc3 {[%emt 0:01:26]} Rd7 {[%emt 0:00:24]} 45. Rh8+ {[%emt 0:00:54]} Kc7 {[%emt 0:00:07]} 46. b4 {[%emt 0:06:04]} Rd8 {[%emt 0:12:51]} 47. Rh7+ {[%emt 0:03:03]} Kb6 {[%emt 0:00:07]} 48. bxa5+ {[%emt 0:04:19]} Ka7 {[%emt 0:02:32]} 49. Rg7 {[%emt 0:06:25]} Rh8 {[%emt 0:00:31]} 50. Rg1 {[%emt 0:00:53]} Rh3+ {[%emt 0:01:19]} 51. Kb4 {[%emt 0:00:27]} Rd3 {[%emt 0:00:28]} 52. Rg4 {[%emt 0:00:03]} Rd1 {[%emt 0:00:13]} 53. Kc3 {[%emt 0:00:31]} Rc1+ {[%emt 0:00:14]} 54. Kb3 {[%emt 0:00:12]} Rc4 {[%emt 0:00:39]} 0-1

[Event "AUT Bundesliga 2021-22"]
[Site "Graz"]
[Date "2022.03.24"]
[Round "5.35"]
[White "Richter, Nils"]
[Black "de Francesco, Klaus"]
[Result "1/2-1/2"]
[WhiteElo "2320"]
[BlackElo "2177"]
[Annotator "NA"]
[PlyCount "63"]
[EventDate "2021.11.04"]
[EventType "team-tourn"]
[EventCountry "AUT"]
[SourceTitle "playchess.com"]
[Source "ChessBase"]
[SourceQuality "1"]
[TimeControl "40/5400+30:1800+30"]

1. d4 {[%emt 0:00:02]} Nf6 {[%emt 0:00:19]} 2. c4 {[%emt 0:00:09]} e6 {[%emt 0:00:08]} 3. g3 {[%emt 0:00:23]} d5 {[%emt 0:00:19]} 4. Bg2 {[%emt 0:00:08]} Bb4+ {[%emt 0:00:30]} 5. Nd2 {[%emt 0:00:21]} O-O {[%emt 0:00:32]} 6. Ngf3 {[%emt 0:00:13]} b6 {[%emt 0:01:36]} 7. O-O {[%emt 0:00:25]} Bb7 {[%emt 0:00:19]} 8. a3 {[%emt 0:00:24]} Be7 {[%emt 0:00:11]} 9. cxd5 {[%emt 0:00:27]} exd5 {[%emt 0:00:37]} 10. Nb1 {[%emt 0:01:20]} Nbd7 {[%emt 0:02:20]} 11. Nc3 {[%emt 0:00:29]} c5 {[%emt 0:01:08]} 12. Bf4 {[%emt 0:01:01]} a6 {[%emt 0:01:44]} 13. Rc1 {[%emt 0:03:07]} Rc8 {[%emt 0:01:32]} 14. e3 {[%emt 0:08:41]} h6 {[%emt 0:03:59]} 15. h4 {[%emt 0:05:02]} c4 {[%emt 0:07:06]} 16. Ne5 {[%emt 0:04:05]} Nxe5 {[%emt 0:04:47]} 17. dxe5 {[%emt 0:16:12]} Ne4 {[%emt 0:01:43]} 18. h5 {[%emt 0:00:23]} Nxc3 {[%emt 0:02:33]} 19. Rxc3 {[%emt 0:00:08]} Qd7 {[%emt 0:00:00]} 20. Rc2 {[%emt 0:12:22]} Qe6 {[%emt 0:03:37]} 21. Kh2 {[%emt 0:03:38]} Rcd8 {[%emt 0:00:32]} 22. Rd2 {[%emt 0:01:56]} b5 {[%emt 0:02:12]} 23. Bh3 {[%emt 0:08:28]} Qb6 {[%emt 0:05:17]} 24. Bf5 {[%emt 0:00:39]} Qc6 {[%emt 0:04:56]} 25. Rg1 {[%emt 0:00:58]} g6 {[%emt 0:08:39]} 26. Qg4 {[%emt 0:07:50]} g5 {[%emt 0:03:29]} 27. e6 {[%emt 0:00:56]} Bc8 {[%emt 0:01:07]} 28. exf7+ {[%emt 0:02:52]} Rxf7 {[%emt 0:00:43]} 29. Bxc8 {[%emt 0:00:17]} Qxc8 {[%emt 0:01:03]} 30. Qxc8 {[%emt 0:00:37]} Rxc8 {[%emt 0:00:06]} 31. Be5 {[%emt 0:00:23]} Bf6 {[%emt 0:02:01]} 32. Bxf6 {[%emt 0:05:22]} 1/2-1/2

[Event "AUT Bundesliga 2021-22"]
[Site "Graz"]
[Date "2022.03.24"]
[Round "5.36"]
[White "Gerhold, Michael"]
[Black "Neyman, Igor"]
[Result "0-1"]
[WhiteElo "2167"]
[BlackElo "2325"]
[Annotator "NA"]
[PlyCount "86"]
[EventDate "2021.11.04"]
[EventType "team-tourn"]
[EventCountry "AUT"]
[SourceTitle "playchess.com"]
[Source "ChessBase"]
[SourceQuality "1"]
[TimeControl "40/5400+30:1800+30"]

1. Nf3 {[%emt 0:00:05]} Nf6 {[%emt 0:00:30]} 2. c4 {[%emt 0:00:14]} e6 {[%emt 0:00:35]} 3. Nc3 {[%emt 0:00:38]} Bb4 {[%emt 0:04:26]} 4. Qc2 {[%emt 0:00:08]} c5 {[%emt 0:02:35]} 5. a3 {[%emt 0:00:31]} Bxc3 {[%emt 0:01:58]} 6. Qxc3 {[%emt 0:00:06]} b6 {[%emt 0:11:06]} 7. g3 {[%emt 0:06:03]} Bb7 {[%emt 0:02:48]} 8. Bg2 {[%emt 0:00:06]} O-O {[%emt 0:01:05]} 9. O-O {[%emt 0:00:19]} d5 {[%emt 0:03:25]} 10. cxd5 {[%emt 0:08:44]} Nxd5 {[%emt 0:04:56]} 11. Qc2 {[%emt 0:00:48]} Nc6 {[%emt 0:05:36]} 12. b3 {[%emt 0:02:44]} Qe7 {[%emt 0:05:49]} 13. Bb2 {[%emt 0:00:28]} Rac8 {[%emt 0:01:23]} 14. h4 {[%emt 0:11:17]} h6 {[%emt 0:05:07]} 15. Rac1 {[%emt 0:08:27]} Rfd8 {[%emt 0:03:44]} 16. e3 {[%emt 0:08:03]} Nf6 {[%emt 0:03:56]} 17. Rfd1 {[%emt 0:07:47]} Ba6 {[%emt 0:09:57]} 18. d3 {[%emt 0:01:22]} Bb7 {[%emt 0:08:12]} 19. Qc3 {[%emt 0:01:50]} Rd6 {[%emt 0:01:47]} 20. Nd2 {[%emt 0:04:21]} Rd7 {[%emt 0:02:34]} 21. Nc4 {[%emt 0:15:40]} Qf8 {[%emt 0:03:36]} 22. Qc2 {[%emt 0:01:51]} Nd5 {[%emt 0:00:59]} 23. Qe2 {[%emt 0:00:40]} f6 {[%emt 0:03:20]} 24. Bh3 {[%emt 0:00:46]} Qf7 {[%emt 0:00:54]} 25. e4 {[%emt 0:04:35]} Nc7 {[%emt 0:00:52]} 26. e5 {[%emt 0:00:16]} fxe5 {[%emt 0:01:08]} 27. Bxe5 {[%emt 0:04:17]} Nd4 {[%emt 0:01:16]} 28. Bxd4 {[%emt 0:00:19]} Rxd4 {[%emt 0:00:12]} 29. Ne5 {[%emt 0:00:36]} Qf6 {[%emt 0:00:59]} 30. b4 {[%emt 0:02:53]} Nb5 {[%emt 0:03:13]} 31. Bg2 Bxg2 {[%emt 0:01:15]} 32. Kxg2 {[%emt 0:04:59]} Rd5 {[%emt 0:01:04]} 33. f4 {[%emt 0:00:46]} Nd4 {[%emt 0:00:42]} 34. Qe4 {[%emt 0:00:33]} Nf5 {[%emt 0:00:57]} 35. Re1 {[%emt 0:00:35]} Rc7 {[%emt 0:01:22]} 36. Rc3 {[%emt 0:02:15]} Nd6 {[%emt 0:01:20]} 37. Qe3 {[%emt 0:02:13]} Nb5 {[%emt 0:01:26]} 38. Rc4 {[%emt 0:01:29]} Nxa3 {[%emt 0:01:07]} 39. Re4 {[%emt 0:00:04]} Nc2 {[%emt 0:00:29]} 40. Qe2 {[%emt 0:00:00]} Nxe1+ {[%emt 0:00:00]} 41. Qxe1 {[%emt 0:00:25]} cxb4 {[%emt 0:02:14]} 42. Ng4 {[%emt 0:01:06]} Rc2+ {[%emt 0:09:49]} 43. Kg1 {[%emt 0:01:17]} Qc3 {[%emt 0:01:20]} 0-1

[Event "AUT Bundesliga 2021-22"]
[Site "Graz"]
[Date "2022.03.25"]
[Round "6"]
[White "Bluebaum, Matthias"]
[Black "Haba, Petr"]
[Result "1-0"]
[WhiteElo "2642"]
[BlackElo "2441"]
[Annotator "TA"]
[PlyCount "53"]
[EventDate "2021.01.17"]
[EventType "team-tourn"]
[EventCountry "AUT"]
[SourceTitle "playchess.com"]
[Source "ChessBase"]
[SourceQuality "1"]

{[%evp 12,53,26,0,0,-8,0,-17,22,22,25,22,110,72,190,192,357,345,300,145,151,145,156,149,483,463,544,466,583,579,828,666,2041,1788,29979,1275,29980,29981,29981,29981,29979,29980,6079,5281]} 1. Nf3 d5 2. e3 Nf6 3. c4 dxc4 4. Bxc4 e6 5. d4 c5 6. O-O a6 7. e4 b5 {D27: Queen's Gambit Accepted: Classical main line: 7 e4!? and 7 a4.} 8. Be2 Nxe4 9. a4 Be7 {The position is equal.} 10. axb5 {Strongly threatening Qc2.} O-O {[#]} 11. Qc2 $146 ({Predecessor:} 11. Bf4 Nd7 12. Ne5 Nxe5 13. dxe5 Qb6 14. Bd3 f5 15. Qe2 c4 16. Bxc4 Bc5 17. Nd2 {1-0 (45) Gelfand,B (2675)-Studer,N (2581) Biel 2021}) 11... f5 (11... Bb7 $1 $11) 12. Be3 {[%cal Rd4c5]} (12. Rd1 {seems wilder.} Qe8 13. Nc3 Bb7 14. Qb3 Kh8 15. bxa6 Bxa6 16. Bxa6 Rxa6 17. Rxa6 Nxa6 18. Qxe6 cxd4 19. Nxe4 fxe4 20. Qxe4 Bf6 21. Qd5) 12... cxd4 (12... Bb7 $16) 13. Nxd4 {Hoping for Bc4.} f4 $2 (13... Bf6 {keeps fighting.}) 14. Qxe4 $18 fxe3 15. Qxa8 (15. Nxe6 $18 {and White stays clearly on top.} exf2+ 16. Rxf2 Bxe6 17. Qxe6+ Kh8 18. Rxf8+ (18. bxa6 $2 Bc5 $19) 18... Qxf8 19. Nc3 (19. bxa6 Nxa6 20. Nc3 Bc5+ 21. Kh1 Nc7 $16)) 15... exf2+ $16 16. Kh1 Qxd4 {[#]} 17. Nc3 $1 {[%cal Rb5a6]} ({Don't blunder} 17. Qxb8 $2 Bd6 18. Qxd6 Qxd6 19. bxa6 Bd7 $19) 17... Qb6 {[%mdl 8192] A mistake that costs the game.} (17... Bd7 $16 {is tougher.}) 18. bxa6 $18 {[%cal Bb5a6,Ba6a7][%mdl 32]} Bd6 19. Ne4 Be5 20. a7 Nd7 {[#]} 21. Rxf2 $1 {[%mdl 512]} Qxb2 (21... Rd8 22. Bf3) 22. Raf1 {White threatens Rxf8+ and mate.} Qxe2 23. Rxf8+ {[%mdl 64] Remove Defender} Nxf8 {[#]} 24. Rxf8+ $1 {[%mdl 512]} Kxf8 25. Qxc8+ Kf7 26. Qb7+ Kg6 27. Qb1 {Weighted Error Value: White=0.28 (precise) /Black=1.11} 1-0

[Event "AUT Bundesliga 2021-22"]
[Site "Graz"]
[Date "2022.03.25"]
[Round "6"]
[White "Svane, Rasmus"]
[Black "Schwabeneder, Florian"]
[Result "1-0"]
[WhiteElo "2637"]
[BlackElo "2437"]
[Annotator "TA"]
[PlyCount "75"]
[EventDate "2021.01.17"]
[EventType "team-tourn"]
[EventCountry "AUT"]
[SourceTitle "playchess.com"]
[Source "ChessBase"]
[SourceQuality "1"]

{[%evp 16,75,10,9,47,53,47,22,14,16,6,8,26,8,21,0,0,3,22,36,20,33,22,15,55,45,87,43,123,108,89,80,89,45,331,16,22,0,6,0,35,38,38,6,460,75,185,203,134,106,64,40,102,95,483,486,498,317,592,587,567,565]} 1. d4 d5 2. c4 e6 3. Nf3 Nf6 4. g3 Be7 5. Bg2 O-O 6. Nc3 c6 7. O-O Nbd7 8. Qd3 b6 9. e4 dxe4 {E07: Closed Catalan: Main Line (5 Nf3 0-0 6 0-0 Nbd7).} 10. Nxe4 Bb7 11. Nc3 c5 {The position is equal.} 12. d5 exd5 13. cxd5 {Strongly threatening d6.} Bd6 {[#]} 14. Qc2 $146 ({Predecessor:} 14. Re1 a6 15. Bg5 Qc7 16. Nh4 h6 17. Bxh6 gxh6 18. Nf5 Ne5 19. Qe3 Neg4 20. Nxh6+ {1-0 (34) Tilicheev,V (2509)-Aslanov,U (2147) Primorsko 2021}) 14... a6 (14... Bxd5 15. Nxd5 Nxd5 16. Rd1 $16 (16. Ng5 N5f6 $16)) 15. b3 b5 (15... Bxd5 $2 16. Nxd5 Nxd5 17. Rd1 $18 (17. Ng5 N5f6 $16)) 16. Bb2 b4 (16... Nxd5 17. Nxd5 Bxd5 18. Rad1 $18) (16... Rc8 $5 {[%cal Rc5c4]}) 17. Ne4 Nxe4 18. Qxe4 Re8 (18... Nf6 19. Qd3 $16) 19. Qd3 a5 20. Rfe1 $1 Ba6 (20... a4 $14 {deserves consideration.}) 21. Qc2 $16 h6 (21... a4 $14) 22. Rxe8+ Qxe8 23. Re1 {Prevents Qe2.} Qf8 24. Qf5 ({Better is} 24. Qe4 $16) 24... Nb6 $2 {[%mdl 8192] [#]} (24... Rd8 $14) 25. Nd2 $2 ({White must play} 25. Ng5 $1 $18 {[%csl Gg5][%cal Rf5h7][%mdl 512]} Bd3 26. Qxd3 hxg5 27. Qf5) 25... Bc8 $1 $11 26. Qd3 {With the idea Ne4.} Ba6 $1 $132 {[%mdl 2048] Black has counterplay} 27. Qf5 Bc8 $1 28. Qf3 {Threatens to win with Ne4.} Bb7 29. Ne4 {[%cal Oe4f6] And now Nf6+! would win.} (29. Qg4 $5 {[%cal Rd2e4]} Bxd5 30. Nc4 Nxc4 31. Bxd5 Nxb2 32. Bxa8 (32. Qe2 Rd8 $17) 32... Qxa8 33. Qd7 $14 (33. Qe2 c4 $14)) 29... Nd7 {[%mdl 8192] [#] Inhibits Nf6+.} (29... Bxd5 $2 30. Nf6+ $1 {[%mdl 512]} Kh8 31. Qf5 Qg8 32. Nxg8 Kxg8 33. Bxd5 Nxd5 34. Qxd5 $18) (29... Nxd5 $11 30. Nxd6 Qxd6) 30. Bh3 $2 (30. Bxg7 $1 $18 {[%mdl 512] is the precise move to win.} Qxg7 31. Nxd6) 30... Ne5 (30... Be5 $16) 31. Qh5 $1 $18 Re8 32. Re3 ({Don't blunder} 32. Nxd6 $2 Nf3+ $1 {[%mdl 512]} 33. Qxf3 Rxe1+ 34. Bf1 Qxd6 $19) 32... Bb8 33. Bg2 {White is more active.} c4 {[#]} (33... Bc8 $14) 34. bxc4 $1 $16 {Bd4 is the strong threat.} f5 $2 {[%mdl 8192]} (34... Nxc4 {[#] is a self mate.} 35. Nf6+ $1 {[%mdl 512]} gxf6 36. Qg4+ Kh7 37. Rxe8 Qxe8 38. Bxf6 Qe1+ 39. Bf1) (34... Bc8 $16 {is more resistant.}) 35. Nd2 $18 Nf7 36. Qxf5 Ba7 $2 (36... Rxe3 37. fxe3 Bc8) 37. Rxe8 ({Weaker is} 37. Be4 Ng5 38. Qxf8+ Rxf8 $16) 37... Qxe8 38. Ne4 {Weighted Error Value: White=0.54/Black=0.65} 1-0

[Event "AUT Bundesliga 2021-22"]
[Site "Graz"]
[Date "2022.03.25"]
[Round "6"]
[White "Sadhwani, Raunak"]
[Black "Rozentalis, Eduardas"]
[Result "1-0"]
[WhiteElo "2616"]
[BlackElo "2542"]
[Annotator "TA"]
[PlyCount "102"]
[EventDate "2021.01.17"]
[EventType "team-tourn"]
[EventCountry "AUT"]
[SourceTitle "playchess.com"]
[Source "ChessBase"]
[SourceQuality "1"]

{[%evp 13,102,13,15,18,20,21,22,18,20,19,26,34,27,19,16,22,27,37,26,9,45,45,31,33,43,46,34,33,36,40,73,72,83,0,0,0,15,15,43,12,12,8,38,35,69,39,42,31,136,109,100,93,108,80,135,41,41,0,333,325,498,497,487,390,469,422,449,378,287,142,131,129,6692,6692,29957,604,29961,29964,29968,29970,29973,29974,29976,29977,29977,29978,29978,29979,29979,29980,29973]} 1. d4 Nf6 2. c4 e6 3. Nf3 b6 4. g3 Bb7 5. Bg2 Be7 6. O-O O-O 7. Re1 Na6 8. h4 {E17: Queen's Indian: 4 g3 Bb7 5 Bg2 Be7.} d5 9. cxd5 exd5 10. Nc3 {The position is equal.} c5 11. Bf4 {[%cal Bc1f4,Bf4e5,Be5c3][%mdl 32]} Nc7 12. Be5 Ne6 13. e3 Ne4 14. dxc5 Nxc3 15. Bxc3 (15. bxc3 {keeps more tension.} Nxc5 16. Qc2 Re8 17. Red1 Ne4 18. a4) 15... bxc5 16. Qa4 Bf6 {[#]} 17. Red1 $146 ({Predecessor:} 17. Rac1 Bxc3 18. bxc3 Qc7 19. Red1 {½-½ (19) Di Berardino,D (2487)-El Debs,F (2544) Niteroi 2019}) 17... Qe7 18. Rd2 Rfd8 {[%cal Od5d4]} 19. Rad1 h6 20. Bxf6 Qxf6 21. Ne1 Rab8 22. Qxa7 d4 23. b3 (23. Bxb7 $16 Qe7 24. Qa6 $1 (24. exd4 Rxb7 25. Qa3 Ra7 $14) 24... Rxb7 25. Nf3) 23... Bxg2 $11 24. Nxg2 g5 25. Qa6 dxe3 26. fxe3 Rxd2 27. Rxd2 {[%cal Bd1d2,Bd2f2,Bf2f5][%mdl 32]} Rb4 {[%cal Oc5c4]} 28. Rf2 Qe7 {[%cal Oc5c4]} 29. Qa8+ Kg7 30. Qd5 Nf8 (30... c4 $14) 31. Rf5 {[%cal Rh4g5] White is more active.} gxh4 32. gxh4 ({Don't play} 32. Nxh4 Qxe3+ 33. Rf2 Qe1+ 34. Kg2 Qe4+ 35. Qxe4 Rxe4 $14) 32... Rg4 33. Kf1 Nd7 (33... Ne6 $142) 34. Qf3 ({Better is} 34. Nf4 $16) 34... Nf6 $14 35. Ke2 (35. Kg1 $14 {is superior.} Rg6 36. a4) 35... Qe4 $2 {[%mdl 8192]} 36. Qxe4 $18 ({Inferior is} 36. Rxf6 Rxg2+ 37. Kf1 Qxf3+ 38. Rxf3 Rxa2 $11) 36... Nxe4 {[%mdl 4096] Endgame KRN-KRN} (36... Rxe4 $142 37. Rxc5 Re8) 37. Kf3 Rg3+ 38. Kxe4 Rxg2 39. Rxc5 ({Not} 39. a4 Rb2 40. Rxc5 Rxb3 $18) 39... Rxa2 {KR-KR} 40. Kd3 Rb2 41. Rb5 (41. Kc3 $18 {is more deadly.} Re2 42. Kd3) 41... f5 $16 42. Kc3 Re2 {[%mdl 8192] A mistake that costs the game.} (42... Rh2 $16 43. Rxf5 Rxh4) 43. Rxf5 $18 Rxe3+ 44. Kb2 (44. Kc2 $142 Kg6 45. Rf4 Re8 46. b4 Rh8 47. Kc3 Rb8 48. Kc4 Ra8 49. Kc5) 44... Kg6 {[#]} 45. Rf4 {White mates.} h5 46. b4 {[%cal Bb3b4,Bb4b5,Bb5b6,Bb6b7][%mdl 32]} Rd3 47. b5 Rd5 48. Rb4 Kf5 49. b6 Rd8 50. b7 Rb8 51. Kb3 Ke6 {Weighted Error Value: White=0.34/Black=0.56} 1-0

[Event "AUT Bundesliga 2021-22"]
[Site "Graz"]
[Date "2022.03.25"]
[Round "6"]
[White "Buhmann, Rainer"]
[Black "Kozissnik, Christian"]
[Result "1-0"]
[WhiteElo "2569"]
[BlackElo "2018"]
[Annotator "TA"]
[PlyCount "111"]
[EventDate "2021.01.17"]
[EventType "team-tourn"]
[EventCountry "AUT"]
[SourceTitle "playchess.com"]
[Source "ChessBase"]
[SourceQuality "1"]

{[%evp 19,111,11,24,15,53,42,44,51,54,56,39,46,49,49,54,43,45,52,50,48,51,52,76,40,43,17,37,6,10,8,7,0,18,8,8,12,4,6,5,9,4,15,91,81,97,95,104,104,137,99,324,218,321,270,947,881,1521,1542,817,3080,2766,2624,2202,1790,1593,1426,3624,2925,2102,2190,1115,12782,29937,12847,29938,12774,12782,10863,6119,10695,6079,6072,5073,4133,29973,29973,29972,29973,29975,29976,29976,29977,29976,29975]} 1. d4 d5 2. Nf3 Nf6 3. c4 e6 4. Nc3 b6 5. cxd5 exd5 6. Bg5 Be7 7. e3 O-O 8. Bd3 Nbd7 9. O-O Bb7 10. Rc1 Re8 11. h3 {[#] D55: Queen's Gambit Declined: 4 Bg5 Be7: Lines without ...h6 and 6...h6 7 Bxf6.} Nf8 $146 ({Predecessor:} 11... Ne4 12. Bf4 Bd6 13. Bxd6 Nxd6 14. Nb5 Nxb5 15. Bxb5 Re6 16. Qc2 c6 17. Bd3 h6 18. b4 Qe7 {1-0 (36) Javakhishvili,L (2475)-Foisor,S (2228) Chess.com INT 2020}) 12. Ne5 N6d7 13. Bxe7 {White is slightly better.} Rxe7 14. Nxd7 (14. f4 {with more complications.} c6 15. Ne2 c5 16. Ng3 c4 17. Bb1) 14... Nxd7 15. Qc2 Nf6 16. b4 Ne4 17. Rfd1 {[%cal Bf1d1,Bd1d2,Bd2c2,Bc2c3][%mdl 32]} Nxc3 18. Qxc3 Qd6 19. Rd2 g6 20. Rdc2 f5 21. Qb3 a6 22. Rc3 b5 23. Be2 c6 24. Bf3 {[%cal Oc3c6]} Kg7 25. a3 Rae8 26. Qc2 f4 {[%cal Rf4e3]} 27. Re1 fxe3 28. Rcxe3 Rxe3 29. Rxe3 Rxe3 30. fxe3 Qg3 (30... a5 $11) 31. Kf1 $16 Qd6 {[%cal Oa6a5]} 32. e4 dxe4 33. Qxe4 Kf8 34. Kf2 {[#] Strongly threatening Qe5.} h5 $2 {This move loses the game for Black.} (34... Kf7 $16) 35. h4 Kf7 (35... Qf6 $142 36. Ke3 Kf7) 36. Ke3 $18 {Threatens to win with Qf4+.} a5 $2 (36... Qd8 37. Qf4+ Kg8) 37. Qf4+ Qxf4+ 38. Kxf4 axb4 39. axb4 {[%mdl 4096] [#] Endgame Kg5 is the strong threat. KB-KB} Kf6 40. g3 Ba8 41. Bg2 Bb7 42. Bh3 Ba6 43. Bd7 Bb7 44. Be8 Ba8 45. d5 cxd5 46. Bxb5 Bb7 47. Bd3 Bc8 48. b5 Bd7 49. b6 {b7 would kill now.} Bc8 50. Bb5 {White wants to mate with Bc6.} Bb7 {Inhibits Bc6.} 51. Be8 d4 52. Bb5 {White mates.} Ke6 53. Bd3 Kd6 54. Bxg6 Ba6 55. Bxh5 Kc6 56. Bg6 {Weighted Error Value: White=0.11 (very precise) /Black=0.35} 1-0

[Event "AUT Bundesliga 2021-22"]
[Site "Graz"]
[Date "2022.03.25"]
[Round "6"]
[White "Georgiadis, Nico"]
[Black "Horvath, Dominik"]
[Result "1-0"]
[WhiteElo "2562"]
[BlackElo "2483"]
[Annotator "TA"]
[PlyCount "63"]
[EventDate "2021.01.17"]
[EventType "team-tourn"]
[EventCountry "AUT"]
[SourceTitle "playchess.com"]
[Source "ChessBase"]
[SourceQuality "1"]

{[%evp 9,63,42,43,38,43,45,36,39,43,36,58,-2,37,43,50,52,58,54,56,50,38,39,52,51,49,41,47,61,52,48,56,45,45,50,53,47,60,66,168,175,164,149,191,174,181,173,169,170,172,120,118,94,177,156,336,297]} 1. e4 {[%cal Be2e4,Be4e5][%mdl 32]} c5 2. Nf3 Nc6 3. Nc3 Nf6 4. Bb5 d6 5. e5 Nd7 6. Bxc6 {B30: Sicilian: 2...Nc6 3 Bb5, lines without ...g6.} bxc6 7. Qe2 d5 {[#]} 8. e6 $146 {White is slightly better.} ({Predecessor:} 8. d3 Nb6 9. h3 Bf5 10. a4 e6 11. a5 Nd7 12. O-O Be7 13. b3 O-O 14. Bb2 {½-½ (45) Kosintseva,N (2483)-Ynojosa Aponte,F (2404) Dallas 2015}) 8... fxe6 9. d3 Qc7 {Inhibits Bf4.} 10. Qxe6 (10. Ng5 $14) 10... Qd6 (10... g6 $5 {[%cal Rf8g7]}) 11. Qe2 g6 12. O-O Bg7 13. Re1 $1 {[%cal Oc1f4]} Rf8 {Inhibits Bf4.} 14. Bg5 e5 {[#]} 15. Nxe5 $1 Nxe5 (15... Bxe5 $2 16. f4 $18) (15... Qxe5 $2 16. Qd2 $18) 16. f4 {[%mdl 64] Pin} Rf5 {[%cal Od6b8] Threatens to win with ...Qb8!} 17. fxe5 Bxe5 {[#]} 18. Bf4 $36 {[%mdl 2048] White is more active.} Rxf4 19. Qxe5+ Qxe5 20. Rxe5+ Kf8 $1 21. b3 Rf5 22. Re2 Bd7 23. Na4 d4 ({Black should try} 23... c4 $1 $14) 24. Rf1 $18 Re8 ({Weaker is} 24... Rxf1+ 25. Kxf1 Bf5 26. Nxc5 $16) 25. Rxf5+ Bxf5 (25... gxf5 $16 26. Kf2 (26. Rxe8+ Bxe8 27. Nxc5 Ke7 $16) 26... Rxe2+ 27. Kxe2 Ke7) 26. Rxe8+ Kxe8 27. Nxc5 {KB-KN} Ke7 28. b4 Kd6 29. h3 (29. Kf2 $18) 29... Kd5 $16 30. g4 Bc8 (30... Be6 $16) 31. Kf2 a5 $2 (31... Ke5 $16 32. Kf3 h6) 32. Na4 {Weighted Error Value: White=0.08 (flawless) /Black=0.20 (precise)} 1-0